[Event "Bad Woerishofen op"]
[Site "?"]
[Date "2008.02.29"]
[Round "2"]
[White "Rolle, Eric"]
[Black "Burmakin, Vladimir"]
[Result "0-1"]
[WhiteElo "2213"]
[BlackElo "2611"]
[PlyCount "80"]
[EventDate "2008.??.??"]
 
1. e4 c6 2. d4 d5 3. Nc3 g6 4. h4 dxe4 5. Nxe4 h5 6. Bc4 Bg7 7. c3 Nh6 8. Bxh6
Bxh6 9. Qb3 O-O 10. Nf3 Qb6 11. Ne5 Qxb3 12. axb3 Kg7 13. b4 Bf4 14. g3 Bxe5
15. dxe5 Bf5 16. Nc5 b6 17. Nb3 Nd7 18. f4 Rfc8 19. Kf2 Rc7 20. Rhe1 c5 21. b5
Nf8 22. Ra6 Rd8 23. Ke3 Be6 24. Bxe6 Nxe6 25. Rea1 Rdd7 26. c4 f6 27. R1a3 fxe5
28. fxe5 Kf7 29. Nd2 Nd4 30. Rc3 Ke6 31. Ra1 Nf5+ 32. Ke2 Kxe5 33. Nf3+ Kf6 34.
Ng5 Rd4 35. b3 Rcd7 36. Kf2 Rd2+ 37. Kf3 Nd4+ 38. Ke3 Re2+ 39. Kd3 Re5 40. Rf1+
Kg7 0-1

[Event "Bad Woerishofen op"]
[Site "?"]
[Date "2008.02.29"]
[Round "2"]
[White "Borovikov, Vladislav"]
[Black "Tennstedt, Andreas"]
[Result "1-0"]
[WhiteElo "2583"]
[BlackElo "2208"]
[PlyCount "63"]
[EventDate "2008.??.??"]
 
1. d4 f5 2. Nf3 Nf6 3. c4 g6 4. g3 Bg7 5. Bg2 O-O 6. O-O d6 7. Nc3 e6 8. b4 a5
9. b5 Nbd7 10. Ba3 Nb6 11. Qd3 Ne4 12. Rac1 Nxc3 13. Qxc3 Qf6 14. e3 Rd8 15. c5
Nd5 16. Qb3 Bf8 17. Nd2 Qf7 18. Nc4 Qe8 19. cxd6 c6 20. b6 Nb4 21. Bxb4 axb4
22. Qxb4 Rxa2 23. Ra1 Rxa1 24. Rxa1 Bd7 25. Ra7 Bc8 26. Ra8 Bd7 27. Rxd8 Qxd8
28. Qa5 Qc8 29. Qa7 Kf7 30. Na5 Bxd6 31. Nxb7 Bb8 32. Qa6 1-0

[Event "Bad Woerishofen op"]
[Site "?"]
[Date "2008.02.29"]
[Round "2"]
[White "Fischer, Thomas"]
[Black "Georgiev, Vladimir"]
[Result "0-1"]
[WhiteElo "2205"]
[BlackElo "2581"]
[PlyCount "58"]
[EventDate "2008.??.??"]
 
1. d4 Nf6 2. f4 d5 3. Nf3 c5 4. e3 Nc6 5. c3 Bf5 6. Be2 e6 7. O-O Bd6 8. Ne5
Qb6 9. Nd2 cxd4 10. Nxc6 dxe3 11. Nc4 dxc4 12. Qxd6 bxc6 13. Qe5 Nd5 14. Qxg7
O-O-O 15. Qxf7 Bg4 16. Re1 Bxe2 17. Qxe6+ Rd7 18. Qe5 Rf8 19. Rxe2 Nxf4 20. Re1
Nd3 21. Bxe3 Nxe5 22. Bxb6 Nd3 23. Re6 axb6 24. Rxc6+ Kb7 25. Rxc4 Nxb2 26. Rh4
Nd1 27. c4 Re8 28. h3 Re2 29. Rc1 Ne3 0-1

[Event "Bad Woerishofen op"]
[Site "?"]
[Date "2008.02.29"]
[Round "2"]
[White "Epishin, Vladimir"]
[Black "Daeubler, Heinrich"]
[Result "1-0"]
[WhiteElo "2577"]
[BlackElo "2165"]
[PlyCount "101"]
[EventDate "2008.??.??"]
 
1. d4 d5 2. c4 c6 3. Nf3 e6 4. Qc2 Bd6 5. Bg5 f6 6. Bh4 Ne7 7. Bg3 Nf5 8. Bxd6
Nxd6 9. Nbd2 f5 10. g3 Nd7 11. Bg2 Nf6 12. O-O O-O 13. Ne5 Bd7 14. b4 Be8 15.
Nb3 Qe7 16. a4 Ng4 17. c5 Nf7 18. Nxg4 fxg4 19. f4 Nh6 20. e4 Bg6 21. Rae1 Qd7
22. Rf2 Rad8 23. Rfe2 dxe4 24. Bxe4 Nf5 25. Rd2 Ne7 26. Bxg6 Nxg6 27. Qc4 Rf6
28. Rde2 Nf8 29. Re5 Qf7 30. Nd2 Rd5 31. Ne4 Rf5 32. Nd6 Rfxe5 33. Rxe5 Qd7 34.
f5 Rxe5 35. dxe5 b6 36. cxb6 axb6 37. Qxg4 exf5 38. Qxf5 Qxf5 39. Nxf5 Kf7 40.
a5 bxa5 41. bxa5 Nd7 42. a6 Nb6 43. a7 Ke6 44. Nxg7+ Kxe5 45. h4 Kd6 46. Ne8+
Ke5 47. Kf2 Na8 48. Ke3 c5 49. g4 h6 50. h5 c4 51. g5 1-0

[Event "Bad Woerishofen op"]
[Site "?"]
[Date "2008.02.29"]
[Round "2"]
[White "Wohlfart, Paulus Dr"]
[Black "Drozdovsky, Yuriy"]
[Result "0-1"]
[WhiteElo "2195"]
[BlackElo "2574"]
[PlyCount "72"]
[EventDate "2008.??.??"]
 
1. e4 e6 2. Nf3 d5 3. e5 c5 4. b4 cxb4 5. a3 Nc6 6. axb4 Bxb4 7. c3 Be7 8. d4
Bd7 9. Bd3 f5 10. Rg1 h5 11. g3 Nh6 12. Ba3 Nf7 13. Nh4 Rh6 14. Nd2 g5 15. Ng2
Bxa3 16. Rxa3 Qe7 17. Ra2 g4 18. f4 Nh8 19. Qb3 b6 20. Kf2 Ng6 21. Rga1 h4 22.
Nf1 Kf7 23. Nfe3 Kg7 24. c4 dxc4 25. Qxc4 Rc8 26. d5 hxg3+ 27. hxg3 Ncxe5 28.
Qd4 Qb4 29. Bc4 Rxc4 30. Nxc4 Qxc4 31. Qxc4 Nxc4 32. Rxa7 Nf8 33. Nh4 Kf6 34.
Rd1 e5 35. fxe5+ Kxe5 36. Ra8 Ng6 0-1

[Event "Bad Woerishofen op"]
[Site "?"]
[Date "2008.02.29"]
[Round "2"]
[White "Rozentalis, Eduardas"]
[Black "Kunz, Konstantin"]
[Result "1-0"]
[WhiteElo "2567"]
[BlackElo "2161"]
[PlyCount "71"]
[EventDate "2008.??.??"]
 
1. e4 c5 2. Nf3 e6 3. c3 Nf6 4. e5 Nd5 5. Bc4 d6 6. d4 cxd4 7. cxd4 Be7 8. O-O
O-O 9. Nc3 Nxc3 10. bxc3 Nc6 11. exd6 Qxd6 12. Re1 Rd8 13. Bd3 h6 14. Qe2 Bd7
15. Qe4 f5 16. Qe2 Re8 17. a4 Rad8 18. Qa2 Kh8 19. Bc4 Bf6 20. Ba3 Qc7 21. Bxe6
Bxe6 22. Rxe6 Qa5 23. Rxe8+ Rxe8 24. Qb3 b6 25. h3 Qa6 26. Qb5 Qc8 27. Bd6 Re4
28. Rd1 Na5 29. Be5 Bxe5 30. dxe5 Qc6 31. Rd4 Qxb5 32. axb5 Nc4 33. e6 Kg8 34.
e7 Kf7 35. Rxc4 Kxe7 36. Rc7+ 1-0

[Event "Bad Woerishofen op"]
[Site "?"]
[Date "2008.02.29"]
[Round "2"]
[White "Schellmann, Frank"]
[Black "Kunin, Vitaly"]
[Result "0-1"]
[WhiteElo "2183"]
[BlackElo "2538"]
[PlyCount "136"]
[EventDate "2008.??.??"]
 
1. e4 c5 2. Nf3 Nf6 3. e5 Nd5 4. c3 e6 5. d4 cxd4 6. cxd4 d6 7. Bc4 Nc6 8. O-O
Nb6 9. Bd3 Nb4 10. Bg5 Be7 11. Bxe7 Qxe7 12. Nc3 Nxd3 13. Qxd3 O-O 14. Ne4 dxe5
15. dxe5 Nd5 16. Nfg5 f5 17. exf6 gxf6 18. Nh3 Bd7 19. Rac1 Rad8 20. Rfe1 Bc6
21. Nc5 e5 22. Qf5 Kh8 23. f3 Rg8 24. Kh1 Qg7 25. Rc2 Ne7 26. Qh5 Rd6 27. Ne4
Rd4 28. Ng1 Nd5 29. Nd6 Qg6 30. Qxg6 hxg6 31. Ne2 Rh4 32. Nc3 Nb6 33. Nce4 Rf8
34. Rd2 Rh7 35. Nc5 Re7 36. Rc1 Kg7 37. Kg1 f5 38. b4 a6 39. Nxa6 Bxf3 40. gxf3
bxa6 41. Rc6 Rb8 42. a3 Kf8 43. Nc4 Nxc4 44. Rxc4 Rb6 45. Rd5 Kf7 46. Rc8 Kf6
47. h4 Rbe6 48. Rc4 Rh7 49. a4 f4 50. b5 axb5 51. axb5 Rxh4 52. Rc6 Rh8 53.
Rdd6 Rxd6 54. Rxd6+ Kf5 55. b6 Rb8 56. Kf2 g5 57. Rc6 g4 58. fxg4+ Kxg4 59.
Rg6+ Kf5 60. Rc6 Rh8 61. b7 Rh2+ 62. Kg1 Rb2 63. Rc7 Kg4 64. Re7 Kg3 65. Kf1 e4
66. Rxe4 Rxb7 67. Re8 Rb1+ 68. Ke2 f3+ 0-1

[Event "Bad Woerishofen op"]
[Site "?"]
[Date "2008.02.29"]
[Round "2"]
[White "Karpatchev, Alexander"]
[Black "Guenther, Thomas"]
[Result "1-0"]
[WhiteElo "2484"]
[BlackElo "2156"]
[PlyCount "87"]
[EventDate "2008.??.??"]
 
1. e4 c5 2. c3 d5 3. exd5 Qxd5 4. d4 cxd4 5. cxd4 Nc6 6. Nf3 e6 7. Nc3 Qd8 8.
Bd3 Nf6 9. O-O Be7 10. a3 O-O 11. Bc2 b6 12. Qd3 a5 13. Rd1 Ba6 14. Qe3 Rc8 15.
Ng5 h6 16. Nxe6 fxe6 17. Qxe6+ Kh8 18. d5 Qd7 19. Qxd7 Nxd7 20. dxc6 Ne5 21.
Be3 Rxc6 22. Be4 Re6 23. Bd5 Rg6 24. h3 Nc4 25. Bxc4 Bxc4 26. Nd5 Bd8 27. Rac1
Bb3 28. Rd3 a4 29. Rc8 Rd6 30. Nf4 Rxd3 31. Nxd3 b5 32. Bc5 Rg8 33. Bd4 Bg5 34.
Rc7 Bd8 35. Rc8 Bg5 36. Rc7 Bd8 37. Ra7 Bg5 38. Ne5 Kh7 39. Nf3 Bc1 40. Bc3 Bc4
41. Ne5 Be2 42. Nc6 Bd3 43. Ne7 Rd8 44. Nd5 1-0

[Event "Bad Woerishofen op"]
[Site "?"]
[Date "2008.02.29"]
[Round "2"]
[White "Ivanov, Michail"]
[Black "Heppell, Ian"]
[Result "1/2-1/2"]
[WhiteElo "2483"]
[BlackElo "2155"]
[PlyCount "108"]
[EventDate "2008.??.??"]
 
1. d4 d6 2. Nf3 Bg4 3. c4 Nd7 4. Nc3 e5 5. g3 Be7 6. Bg2 Ngf6 7. h3 Bxf3 8.
exf3 exd4 9. Qxd4 Ne5 10. f4 Nc6 11. Qd2 O-O 12. O-O Re8 13. b3 a5 14. Bb2 Bf8
15. g4 Nd7 16. Ne4 Nc5 17. Ng5 h6 18. Nf3 a4 19. Qd1 a3 20. Bc3 Ne4 21. Bd4
Nxd4 22. Qxd4 g6 23. Rae1 Bg7 24. Qd3 Nc5 25. Qc2 Qf6 26. b4 Ne6 27. f5 Nf4 28.
fxg6 fxg6 29. Qd2 Kh7 30. h4 Nxg2 31. Kxg2 Qc3 32. Qd5 c6 33. Qxd6 Qxc4 34. Kg3
Rad8 35. Qc7 Qxb4 36. h5 gxh5 37. gxh5 Kh8 38. Nh4 Rd3+ 39. f3 Rxe1 40. Qc8+
Kh7 41. Qf5+ Kg8 42. Qxd3 Rxf1 43. Qxf1 Qc5 44. Qd3 Qg5+ 45. Kh3 Qxh5 46. Qxa3
Bf8 47. Qa8 Qf7 48. Qc8 Kh7 49. a4 c5 50. Qg4 c4 51. Qe4+ Kg8 52. Qg4+ Kh7 53.
Qe4+ Kg8 54. Qg4+ Kh7 1/2-1/2

[Event "Bad Woerishofen op"]
[Site "?"]
[Date "2008.02.29"]
[Round "2"]
[White "Pirrot, Dieter"]
[Black "Pleyer, Felix"]
[Result "1-0"]
[WhiteElo "2429"]
[BlackElo "2148"]
[PlyCount "41"]
[EventDate "2008.??.??"]
 
1. e4 Nf6 2. e5 Nd5 3. d4 d6 4. c4 Nb6 5. f4 dxe5 6. fxe5 Nc6 7. Be3 Bf5 8. Nc3
e6 9. Nf3 Be7 10. d5 exd5 11. cxd5 Nb4 12. Nd4 Bd7 13. Qf3 c5 14. dxc6 Bxc6 15.
Qg4 Bh4+ 16. g3 Bxh1 17. Qxg7 Rf8 18. O-O-O Qc7 19. Ndb5 Nxa2+ 20. Kb1 Nxc3+
21. bxc3 1-0

[Event "Bad Woerishofen op"]
[Site "?"]
[Date "2008.02.29"]
[Round "2"]
[White "Jaenig, Reinhard"]
[Black "Wohl, Alexander"]
[Result "0-1"]
[WhiteElo "2164"]
[BlackElo "2418"]
[PlyCount "88"]
[EventDate "2008.??.??"]
 
1. e4 Nf6 2. e5 Nd5 3. d4 d6 4. c4 Nb6 5. exd6 exd6 6. h3 Be7 7. Nc3 O-O 8. Nf3
Bf5 9. Be3 Nc6 10. Rc1 Bf6 11. d5 Ne5 12. Nd4 Bg6 13. b3 Re8 14. Be2 Nd3+ 15.
Bxd3 Bxd4 16. Bxg6 Bxe3 17. Bxh7+ Kxh7 18. Qd3+ Kg8 19. fxe3 Qh4+ 20. Kd2 Nd7
21. Rhf1 Re5 22. Rf4 Qg5 23. Rcf1 Rae8 24. Rf5 Rxf5 25. Qxf5 Qxe3+ 26. Kc2 Ne5
27. Qf2 Qd3+ 28. Kb2 a6 29. Qf5 Qd2+ 30. Qc2 Nd3+ 31. Kb1 Re1+ 32. Rxe1 Qxe1+
33. Nd1 Nb4 34. Qc1 Qe4+ 35. Ka1 Qxg2 36. Nb2 Qxh3 37. a3 Nd3 38. Nxd3 Qxd3 39.
Qg5 Qf1+ 40. Kb2 Qf6+ 41. Qxf6 gxf6 42. b4 f5 43. c5 b6 44. a4 dxc5 0-1

[Event "Bad Woerishofen op"]
[Site "?"]
[Date "2008.02.29"]
[Round "2"]
[White "Bronznik, Valeri"]
[Black "Babar, Michael"]
[Result "1/2-1/2"]
[WhiteElo "2377"]
[BlackElo "2145"]
[PlyCount "33"]
[EventDate "2008.??.??"]
 
1. d4 f5 2. Nc3 Nf6 3. Bg5 d5 4. Bxf6 exf6 5. e3 Be6 6. Bd3 Qd7 7. Nge2 Nc6 8.
a3 O-O-O 9. b4 Kb8 10. O-O Qf7 11. Na4 Qh5 12. Nc5 Bc8 13. Nf4 Qf7 14. Bb5 Ne7
15. c3 g5 16. Ne2 Ng6 17. Qc1 1/2-1/2

[Event "Bad Woerishofen op"]
[Site "?"]
[Date "2008.02.29"]
[Round "2"]
[White "Schiffer, Steve"]
[Black "Espig, Lutz"]
[Result "0-1"]
[WhiteElo "2159"]
[BlackElo "2326"]
[PlyCount "92"]
[EventDate "2008.??.??"]
 
1. e4 c5 2. Nf3 e6 3. d4 cxd4 4. Nxd4 Nf6 5. Bd3 Nc6 6. Be3 d5 7. exd5 Nxd5 8.
Nxc6 bxc6 9. Qe2 Nxe3 10. Qxe3 Qb6 11. Qxb6 axb6 12. Nd2 Bb7 13. O-O Bd6 14. a3
Ke7 15. Rad1 Rhd8 16. Rfe1 Bc7 17. Be4 Ra4 18. Bf3 Rad4 19. Nb3 Rxd1 20. Rxd1
Rxd1+ 21. Bxd1 c5 22. c3 Bf4 23. g3 Bh6 24. Kf1 c4 25. Nd4 Bc1 26. b3 cxb3 27.
Bxb3 Bxa3 28. Ke2 Bc5 29. Nc2 Ba6+ 30. c4 Kd6 31. Ne1 e5 32. f3 f5 33. g4 fxg4
34. fxg4 e4 35. Ng2 Ke5 36. h3 Bc8 37. Kd2 Be6 38. Kc3 Bd4+ 39. Kb4 Bd7 40. Bd1
Bc6 41. h4 Bf2 42. Bc2 h6 43. g5 hxg5 44. hxg5 e3 45. Nxe3 Bxe3 46. Bd3 Bxg5
0-1

[Event "Bad Woerishofen op"]
[Site "?"]
[Date "2008.02.29"]
[Round "2"]
[White "Zdebskaja, Natalia"]
[Black "Doell, Detlef"]
[Result "1-0"]
[WhiteElo "2313"]
[BlackElo "2141"]
[PlyCount "34"]
[EventDate "2008.??.??"]
 
1. e4 c5 2. Nf3 d6 3. d4 cxd4 4. Nxd4 Nf6 5. Nc3 a6 6. Be2 e6 7. O-O Be7 8. Be3
Nc6 9. f4 Qc7 10. a4 Bd7 11. Nb3 b6 12. Qe1 Nb4 13. Qf2 Rb8 14. e5 Nfd5 15.
Nxd5 Nxd5 16. exd6 Bxd6 17. Bxa6 Qxc2 1-0

[Event "Bad Woerishofen op"]
[Site "?"]
[Date "2008.02.29"]
[Round "2"]
[White "Gurack, Daniel"]
[Black "Vrana, Frantisek"]
[Result "1/2-1/2"]
[WhiteElo "2152"]
[BlackElo "2313"]
[PlyCount "82"]
[EventDate "2008.??.??"]
 
1. e4 c5 2. Nf3 Nc6 3. d4 cxd4 4. Nxd4 g6 5. Nc3 Bg7 6. Be3 Nf6 7. Be2 O-O 8.
O-O d5 9. exd5 Nb4 10. d6 Qxd6 11. Ncb5 Qb8 12. c4 e5 13. Nb3 Bf5 14. Qd6 Nc2
15. Qxb8 Raxb8 16. Rad1 Nxe3 17. fxe3 Bh6 18. Kf2 Bc2 19. Nc3 Bxd1 20. Bxd1
Rfd8 21. Be2 Rbc8 22. h3 Kg7 23. Kf3 Ne8 24. Rg1 Nd6 25. g4 f6 26. c5 Nf7 27.
h4 b6 28. Ba6 Rc6 29. Bb7 Rc7 30. c6 a6 31. e4 Rd6 32. Nd5 Rcxc6 33. Bxc6 Rxc6
34. Rg2 a5 35. Nc3 Rd6 36. Nd5 Rc6 37. Ne7 Rc4 38. Nd5 a4 39. Nxb6 Rb4 40. Nd5
Rc4 41. Nb6 Rb4 1/2-1/2

[Event "Bad Woerishofen op"]
[Site "?"]
[Date "2008.02.29"]
[Round "2"]
[White "Riedel, Lutz"]
[Black "Lupor, Andre"]
[Result "1/2-1/2"]
[WhiteElo "2143"]
[BlackElo "2308"]
[PlyCount "82"]
[EventDate "2008.??.??"]
 
1. d4 Nf6 2. Bf4 g6 3. Nd2 c5 4. e3 b6 5. Ngf3 Bg7 6. c3 O-O 7. Bd3 Bb7 8. Qe2
d5 9. O-O Nbd7 10. h3 a6 11. Rad1 Re8 12. Ne5 e6 13. Ndf3 Qe7 14. Bc2 Rac8 15.
Bg5 Qf8 16. Bh4 b5 17. g4 Qd6 18. Bg3 Qe7 19. Bh4 h6 20. g5 hxg5 21. Bxg5 Qd6
22. h4 Nh7 23. Bf4 Qe7 24. Nxd7 Qxd7 25. h5 gxh5 26. Bxh7+ Kxh7 27. Ne5 Bxe5
28. Qxh5+ Kg8 29. Bxe5 f6 30. Kh1 fxe5 31. Rg1+ Kf8 32. Qh6+ Ke7 33. Rg7+ Kd6
34. Rxd7+ Kxd7 35. Qg7+ Re7 36. Qxe5 Rg8 37. Qh5 Rgg7 38. Qe5 Rg8 39. Qh5 Rgg7
40. Qe5 Rg8 41. Qh5 Rgg7 1/2-1/2

[Event "Bad Woerishofen op"]
[Site "?"]
[Date "2008.02.29"]
[Round "2"]
[White "Galje, Hans"]
[Black "Boehle, Lars"]
[Result "1/2-1/2"]
[WhiteElo "2118"]
[BlackElo "2276"]
[PlyCount "97"]
[EventDate "2008.??.??"]
 
1. d4 Nf6 2. c4 c5 3. d5 b5 4. cxb5 a6 5. bxa6 g6 6. Nc3 Bxa6 7. g3 d6 8. Bg2
Bg7 9. Nf3 Nbd7 10. Rb1 O-O 11. O-O Qa5 12. Bd2 Nb6 13. b3 Bb7 14. Qc2 Nfd7 15.
e4 Qa3 16. Bc1 Qa6 17. Bb2 Rfc8 18. Rfd1 Ne5 19. Nxe5 Bxe5 20. h4 h5 21. Bh3
Rcb8 22. Qd2 Bc8 23. Bg2 Bg4 24. f3 Bd7 25. f4 Bd4+ 26. Kh2 Bg4 27. Re1 Qa5 28.
Rbc1 Qb4 29. Rc2 Ra7 30. Bf1 Nd7 31. Bc4 Bg7 32. Ba1 Ra5 33. Na4 Qxd2+ 34. Rxd2
Bxa1 35. Rxa1 Nf6 36. Re1 Bf3 37. Nc3 Nd7 38. e5 Kf8 39. Re3 Bg4 40. exd6 exd6
41. Kg2 Bf5 42. Re1 Nb6 43. Bf1 Rba8 44. a4 Rc8 45. Bb5 Bd7 46. Bxd7 Nxd7 47.
Nb5 Ra6 48. Kf3 Nf6 49. Rc1 1/2-1/2

[Event "Bad Woerishofen op"]
[Site "?"]
[Date "2008.02.29"]
[Round "2"]
[White "v.Wantoch, Rk.Daniela"]
[Black "De, Andres Gonalon F"]
[Result "1/2-1/2"]
[WhiteElo "2258"]
[BlackElo "2092"]
[PlyCount "110"]
[EventDate "2008.??.??"]
 
1. Nf3 d5 2. d4 c5 3. e3 e6 4. c3 Nf6 5. Bd3 Nbd7 6. Nbd2 Be7 7. O-O O-O 8. Bc2
b6 9. e4 dxe4 10. Nxe4 Bb7 11. Qe2 cxd4 12. Nxd4 Nxe4 13. Bxe4 Bxe4 14. Qxe4
Nf6 15. Qb7 Qd7 16. Qa6 Qd5 17. Nc2 Rfd8 18. a4 Qd3 19. Qxd3 Rxd3 20. a5 b5 21.
a6 Bc5 22. Be3 Bxe3 23. Nxe3 Rad8 24. Ra4 Rb8 25. Rd1 Rxd1+ 26. Nxd1 Ne8 27.
Ne3 Nd6 28. Kf1 Kf8 29. Ke2 Ke7 30. f3 Kd7 31. Kd3 Kc6 32. b3 Rd8 33. Kc2 f5
34. c4 f4 35. Ng4 Kb6 36. Ra1 bxc4 37. b4 Nf5 38. Re1 Kb5 39. Re4 Kxb4 40. Rxf4
Rd4 41. Rxd4 Nxd4+ 42. Kd1 Nc6 43. Kc2 h5 44. Nf2 Nb8 45. Nh3 e5 46. Ng5 Nxa6
47. Nf7 Nb8 48. Nxe5 a5 49. g4 hxg4 50. fxg4 a4 51. h4 a3 52. h5 c3 53. Nd3+
Kc4 54. Ne5+ Kd5 55. Nd3 Kc4 1/2-1/2

[Event "Bad Woerishofen op"]
[Site "?"]
[Date "2008.02.29"]
[Round "2"]
[White "Pienabarca, Nicola"]
[Black "Schulz, Michael"]
[Result "0-1"]
[WhiteElo "2086"]
[BlackElo "2226"]
[PlyCount "42"]
[EventDate "2008.??.??"]
 
1. d4 d5 2. Nf3 Bg4 3. c4 Nc6 4. cxd5 Bxf3 5. gxf3 Qxd5 6. e3 e5 7. Nc3 Bb4 8.
Bd2 Bxc3 9. bxc3 Qd6 10. Rb1 b6 11. Bg2 Nge7 12. f4 exd4 13. cxd4 O-O 14. Qc2
Rad8 15. Rc1 Nb4 16. Bxb4 Qxb4+ 17. Qc3 Qb5 18. Qc4 Qa5+ 19. Rc3 c5 20. dxc5 b5
21. Qb3 Rd3 0-1

[Event "Bad Woerishofen op"]
[Site "?"]
[Date "2008.02.29"]
[Round "2"]
[White "Westerman, Henk"]
[Black "Galdunts, Sergey"]
[Result "0-1"]
[WhiteElo "1946"]
[BlackElo "2483"]
[PlyCount "32"]
[EventDate "2008.??.??"]
 
1. c4 e6 2. g3 Nf6 3. Bg2 d5 4. Nf3 c5 5. O-O Nc6 6. cxd5 exd5 7. d4 Be7 8. b3
Ne4 9. Bb2 Bf6 10. e3 Bg4 11. h3 Bh5 12. Na3 cxd4 13. exd4 O-O 14. Nc2 Re8 15.
Ne3 Nxg3 16. Re1 Ne4 0-1

[Event "Bad Woerishofen op"]
[Site "?"]
[Date "2008.02.29"]
[Round "2"]
[White "Vonach, Bernhard Dr"]
[Black "Rothenhagen, Siegfr"]
[Result "1/2-1/2"]
[WhiteElo "2013"]
[BlackElo "1851"]
[PlyCount "35"]
[EventDate "2008.??.??"]
 
1. d4 Nf6 2. Be3 d5 3. c3 Bf5 4. f3 e6 5. g4 Bg6 6. b4 Bxb1 7. Rxb1 Bd6 8. Nh3
c6 9. Bf4 Qc7 10. Bxd6 Qxd6 11. Bg2 O-O 12. Nf2 e5 13. dxe5 Qxe5 14. Nd3 Qe3
15. h4 Nbd7 16. Qd2 Rfe8 17. Qxe3 Rxe3 18. Kf2 1/2-1/2

[Event "Bad Woerishofen op"]
[Site "?"]
[Date "2008.02.29"]
[Round "2"]
[White "Fries, Elisabeth"]
[Black "Glas, Stefan"]
[Result "1/2-1/2"]
[WhiteElo "1765"]
[BlackElo "2010"]
[PlyCount "28"]
[EventDate "2008.??.??"]
 
1. d4 d5 2. Nf3 Nf6 3. Bf4 e6 4. e3 Be7 5. Nbd2 O-O 6. Bd3 c5 7. c3 Nc6 8. Ne5
Re8 9. g4 Nd7 10. Ndf3 Ndxe5 11. Nxe5 Nxe5 12. Bxe5 cxd4 13. exd4 Bh4 14. Qf3
Bd7 1/2-1/2

[Event "Bad Woerishofen op"]
[Site "?"]
[Date "2008.02.29"]
[Round "2"]
[White "Sakowski, Christian"]
[Black "Kuhn, Hans"]
[Result "1-0"]
[WhiteElo "1969"]
[BlackElo "1616"]
[PlyCount "65"]
[EventDate "2008.??.??"]
 
1. d4 d5 2. Nf3 e6 3. Bf4 Bd6 4. Bg3 Nf6 5. e3 Nc6 6. Nbd2 O-O 7. c4 dxc4 8.
Nxc4 Bb4+ 9. Ncd2 Ne7 10. a3 Bxd2+ 11. Nxd2 c6 12. Bd3 Qb6 13. Nc4 Qd8 14. O-O
b6 15. Rc1 Bb7 16. Nd6 Ne8 17. Nxb7 Qd7 18. Ba6 Nc7 19. Bxc7 Qxc7 20. Qf3 Rab8
21. Rc2 Rxb7 22. Bxb7 Qxb7 23. Rfc1 Rc8 24. b4 a6 25. a4 b5 26. axb5 axb5 27.
e4 Qd7 28. Qc3 Kf8 29. Ra2 Ke8 30. Rca1 Qb7 31. Qc5 Rb8 32. Ra7 Qb6 33. Qxe7#
1-0

[Event "Bad Woerishofen sen"]
[Site "?"]
[Date "2008.02.29"]
[Round "2"]
[White "Weinwurm, Wolfgang Dr"]
[Black "Geisler, Reinhard"]
[Result "1-0"]
[WhiteElo "2177"]
[BlackElo "2032"]
[PlyCount "85"]
[EventDate "2008.??.??"]
 
1. e4 c5 2. Nf3 Nc6 3. d4 cxd4 4. Nxd4 g6 5. Nc3 Bg7 6. Be3 Nf6 7. Nxc6 bxc6 8.
e5 Ng8 9. Bd4 Nh6 10. e6 f6 11. exd7+ Qxd7 12. Bc4 Nf7 13. O-O O-O 14. Re1 e5
15. Bc5 Re8 16. Ne4 Qxd1 17. Raxd1 Be6 18. Bxe6 Rxe6 19. Rd7 f5 20. Rxf7 Kxf7
21. Ng5+ Kf6 22. Nxh7+ Kf7 23. Ng5+ Kf6 24. Nxe6 Kxe6 25. Rd1 Bf8 26. Bxf8 Rxf8
27. Kf1 g5 28. c4 c5 29. Rd5 Rc8 30. h3 Rc6 31. b3 e4 32. g4 fxg4 33. hxg4 Kf6
34. Ke2 Ra6 35. Rd2 Ra3 36. Ke3 a5 37. Kxe4 a4 38. bxa4 Ke6 39. Rc2 Rxa4 40. f4
gxf4 41. Kxf4 Kf6 42. Ke4 Kg5 43. Kd5 1-0

[Event "Bad Woerishofen sen"]
[Site "?"]
[Date "2008.02.29"]
[Round "2"]
[White "Mantzouneas, Nikolaos"]
[Black "Mahrla, Hans Dr"]
[Result "1-0"]
[WhiteElo "2013"]
[BlackElo "1830"]
[PlyCount "119"]
[EventDate "2008.??.??"]
 
1. d4 Nf6 2. c4 e6 3. Nc3 d5 4. Nf3 Be7 5. Bg5 a6 6. a4 Nc6 7. e3 O-O 8. Be2
Re8 9. O-O h6 10. Bh4 Nb4 11. c5 b6 12. cxb6 cxb6 13. Ne5 Nd7 14. Bxe7 Qxe7 15.
f4 Nxe5 16. fxe5 Bd7 17. Bh5 Rf8 18. Be2 f5 19. exf6 Rxf6 20. Rxf6 Qxf6 21. Qb3
Qe7 22. Bf3 Rb8 23. Ne2 b5 24. a5 Rc8 25. Nf4 Qd6 26. Ng6 Nc6 27. h4 Ne7 28.
Ne5 Be8 29. h5 Rc7 30. Bg4 Nc6 31. Nxc6 Rxc6 32. Rf1 Qc7 33. Qb4 Bf7 34. Be2
Rc1 35. Rxc1 Qxc1+ 36. Kf2 Qc2 37. g4 Qc7 38. Kg2 g6 39. Qc3 Qxc3 40. bxc3 Kg7
41. Kg3 Kf6 42. Kf4 g5+ 43. Kg3 e5 44. dxe5+ Kxe5 45. Bd3 Be8 46. Bf5 b4 47.
cxb4 Bb5 48. Kf3 Kd6 49. Kf2 Ke5 50. Kg3 Kd6 51. Bb1 Ke5 52. Bc2 d4 53. Kf3 d3
54. Bb3 Bc6+ 55. Kf2 Bb5 56. Bd1 Kd5 57. Bb3+ Ke5 58. Ke1 Ke4 59. Kd2 Kf3 60.
Be6 1-0

[Event "Bad Woerishofen sen"]
[Site "?"]
[Date "2008.02.29"]
[Round "2"]
[White "Neese, Hans-Joachim"]
[Black "Neumann, Erwin"]
[Result "1/2-1/2"]
[WhiteElo "2306"]
[BlackElo "1985"]
[PlyCount "53"]
[EventDate "2008.??.??"]
 
1. d4 Nf6 2. c4 e6 3. Nf3 b6 4. a3 Bb7 5. Nc3 d5 6. Bg5 Be7 7. e3 Nbd7 8. Be2
O-O 9. O-O h6 10. Bh4 Ne4 11. Bxe7 Qxe7 12. Rc1 Nxc3 13. Rxc3 c5 14. cxd5 exd5
15. Qc2 c4 16. Qf5 Nf6 17. Nd2 b5 18. Bf3 Rfe8 19. Qc2 a5 20. Qc1 Ra6 21. Rc2
Bc8 22. b3 Bf5 23. Ra2 Bd3 24. Re1 Ne4 25. bxc4 bxc4 26. Bxe4 Bxe4 27. Nxe4
1/2-1/2

[Event "Bad Woerishofen sen"]
[Site "?"]
[Date "2008.02.29"]
[Round "2"]
[White "Ziltener, Werner"]
[Black "Weber, Gerhard Dr"]
[Result "1-0"]
[WhiteElo "2115"]
[BlackElo "1959"]
[PlyCount "85"]
[EventDate "2008.??.??"]
 
1. d4 Nf6 2. Nf3 g6 3. Nc3 Bg7 4. e4 d6 5. h3 O-O 6. Bg5 Nbd7 7. Qd2 c5 8. d5
Qb6 9. Rb1 Kh8 10. Bh6 Ng8 11. Bxg7+ Kxg7 12. Bd3 f6 13. O-O Ne5 14. Nxe5 fxe5
15. Nd1 Qc7 16. c4 Bd7 17. Nc3 Qc8 18. Kh2 Bxh3 19. f4 Bg4 20. fxe5 Rxf1 21.
Rxf1 dxe5 22. Qg5 Nf6 23. Qxe5 Qb8 24. Qxb8 Rxb8 25. Rf4 Bd7 26. Be2 g5 27. Rf1
Rf8 28. Kg1 Ng4 29. Rxf8 Kxf8 30. Bxg4 Bxg4 31. e5 Bf5 32. Kf2 h5 33. Ke3 Ke8
34. Ne4 b6 35. Nxg5 Bb1 36. a3 Ba2 37. Kd3 b5 38. cxb5 Bxd5 39. g3 Kd7 40. a4
Bb3 41. a5 Bd5 42. Kc3 Bg8 43. e6+ 1-0

[Event "Bad Woerishofen sen"]
[Site "?"]
[Date "2008.02.29"]
[Round "2"]
[White "Aigner, Georg"]
[Black "Straub, Peter"]
[Result "0-1"]
[WhiteElo "2028"]
[BlackElo "2137"]
[PlyCount "64"]
[EventDate "2008.??.??"]
 
1. e4 c5 2. Nf3 e6 3. d4 cxd4 4. Nxd4 a6 5. Bd3 Nf6 6. O-O d6 7. Nd2 Be7 8. Qf3
O-O 9. Re1 Qc7 10. Qg3 Nc6 11. c3 Bd7 12. Nf1 Rfe8 13. Bg5 Rac8 14. f4 Qb6 15.
e5 Nxd4 16. cxd4 Qxd4+ 17. Kh1 dxe5 18. Rad1 exf4 19. Qh4 Qa4 20. b3 Qc6 21.
Bxh7+ Nxh7 22. Bxe7 f3 23. gxf3 Qxf3+ 24. Kg1 Bc6 25. Ne3 Rxe7 26. Qxe7 Qh1+
27. Kf2 Qxh2+ 28. Kf1 Qf4+ 29. Kg1 Ng5 30. Ng2 Nh3+ 31. Kh1 Bxg2+ 32. Kxg2 Rc2+
0-1

[Event "Bad Woerishofen sen"]
[Site "?"]
[Date "2008.02.29"]
[Round "2"]
[White "Blutharsch, Walter"]
[Black "Weyrauch, Erich"]
[Result "0-1"]
[WhiteElo "1886"]
[BlackElo "2130"]
[PlyCount "66"]
[EventDate "2008.??.??"]
 
1. e4 c5 2. Nf3 Nc6 3. d4 cxd4 4. Nxd4 g6 5. Nc3 Bg7 6. Be3 d6 7. Be2 Nf6 8.
O-O a6 9. Kh1 Bd7 10. f4 O-O 11. f5 b5 12. Bf3 Ne5 13. Bf4 Nxf3 14. Qxf3 Rc8
15. Qd3 Rc4 16. Nce2 Qa8 17. b3 Rc5 18. Ng3 Rfc8 19. Bd2 Ng4 20. c3 Ne5 21. Qe3
a5 22. h4 h6 23. Nge2 d5 24. exd5 Qxd5 25. Nf4 Qd6 26. fxg6 fxg6 27. Rad1 Bg4
28. Nde2 Qf6 29. Be1 g5 30. b4 Rc4 31. hxg5 hxg5 32. Bg3 gxf4 33. Bxf4 Bxe2 0-1